00921nam a2200241 i 4500001000300000245024200003260006200245300002800307500005500335504002200390650002400412655002900436700002700465020001500492040000800507041001500515080001700530920001800547942000700565008004100572999001700613952004900630bg00aXXXVIII International Symposium on Electrical Machines SME'2002 New constructions, technologies and calculation methods of electrical machines, Cedzyna - Kielce, Poland, June 18-21, 2002 :bconference proceedings /c[ed. Roman Nadolski]. aKielce :bWydaw. Politechniki Świętokrzyskiej,c2002. a752 s. :bil. ;c24 cm. aTekst częściowo pol. i ang., streszcz. po ref. aBibliogr. po ref. 9aMaszyny elektryczne aMateriały konferencyjne1 aNADOLSKI, Roman.eRed. a838890602X cBPKw aplenbenpl a621.313(061) a83-88906-02-X cKS s pl f |000 0 pol  c42143d42143 00104070aBPKbBPKcwo65898p01905083yKS